000 00848nam a2200253 i 4500
001 bg
245 1 0 _aOrganizacja w warunkach nasilającej się konkurencji /
_cred. nauk. Janina Stankiewicz ; Uniwersytet Zielonogórski.
260 _aZielona Góra :
_bOficyna Wydawnicza UZ,
_c2004.
300 _a439 s. :
_bwykr. ;
_c24 cm.
500 _aStreszcz ang. przy pracach.
504 _aBibliogr. przy pracach.
650 9 _aPrzedsiębiorstwa małe i średnie
_xorganizacja
_xzagadnienia
650 9 _aKonkurencja
_xzagadnienia
650 9 _aInnowacje
_xgospodarka
_xzagadnienia
700 1 _aSTANKIEWICZ, Janina.
_eRed.
710 0 _aUniwersytet Zielonogórski
020 _a8389712016
040 _cBPK
041 0 _apol
080 _a658.1/.5:339.13
920 _a83-89712-01-6
942 _cKS
008 s pl f |000 0 pol
999 _c46436
_d46436
856 _uhttp://koha.tu.koszalin.pl/cgi-bin/koha/opac-detail.pl?biblionumber=46436
_yKatalog online BPK